书目信息 |
| 题名: |
单波段水深探测激光雷达原理
|
|
| 作者: | 周国清 著 | |
| 分册: | 上册 | |
| 出版信息: | 北京 科学出版社 2025.03 |
|
| 页数: | 256页 | |
| 开本: | 26cm | |
| 丛书名: | ||
| 单 册: | ||
| 中图分类: | P641.71 | |
| 科图分类: | ||
| 主题词: | 水下测深--shui xia ce shen--激光雷达 | |
| 电子资源: | ||
| ISBN: | 978-7-03-081379-4 | |
| 000 | 01090nam 2200253 450 | |
| 001 | 93815 | |
| 005 | 20250819163457.81 | |
| 010 | @a978-7-03-081379-4@dCNY198.00 | |
| 100 | @a20250416d2025 em y0chiy50 ea | |
| 101 | 0 | @achi |
| 102 | @aCN@b110000 | |
| 105 | @aa a 000yy | |
| 106 | @ar | |
| 200 | 1 | @a单波段水深探测激光雷达原理@Adan bo duan shui shen tan ce ji guang lei da yuan li@h上册@f周国清等著 |
| 210 | @a北京@c科学出版社@d2025.03 | |
| 215 | @a256页@c彩图@d26cm | |
| 314 | @a周国清, 教授, 作为课题负责人和主要参与者已经完成了48项课题。其中, 作为课题负责人主持4项美国科学基金 (NSF), 5项美国航空航天局 (NASA) 基金, 总经费超过500万美元。 | |
| 320 | @a有书目 | |
| 330 | @a本书系统介绍了单波段激光雷达水深探测硬件, 包括水深探测原理、发射光学系统、光学接收系统、回波信号探测、综合控制系统与整机集成、回波信号波形分解等内容, 并利用大量的真实实验数据、图片等描述了仪器测试和验证的过程。 | |
| 606 | 0 | @a水下测深@Ashui xia ce shen@x激光雷达 |
| 690 | @aP641.71@v5 | |
| 701 | 0 | @a周国清@Azhou guo qing@4著 |
| 801 | 0 | @aCN@c20250909 |
| 905 | @a河南城建学院图书馆@dP641.71@eZ760:1@f1 | |
| 单波段水深探测激光雷达原理.上册/周国清等著.-北京:科学出版社,2025.03 |
| 256页:彩图;26cm |
| ISBN 978-7-03-081379-4:CNY198.00 |
| 本书系统介绍了单波段激光雷达水深探测硬件, 包括水深探测原理、发射光学系统、光学接收系统、回波信号探测、综合控制系统与整机集成、回波信号波形分解等内容, 并利用大量的真实实验数据、图片等描述了仪器测试和验证的过程。 |
| ● |
| 相关链接 |
|
|
|
正题名:单波段水深探测激光雷达原理
索取号:P641.71/Z760:1
 
预约/预借
| 序号 | 登录号 | 条形码 | 馆藏地/架位号 | 状态 | 备注 |
| 1 | 1627771 | 216277712 | 自科库401/401自科库 133排1列2层/ [索取号:P641.71/Z760:1] | 在馆 |